000 00594cam a2200217 a 4500
001 1441373
005 20180201040458.0
008 850214s1986 coua b 011 0 eng
010 _a 85003314
020 _a0813301947 (pbk.)
040 _aDLC
_cDLC
_dDLC
041 _aeng
080 _a330
082 0 0 _a330 SZE
_219
100 _a52
101 _aEKO
245 0 0 _aEssays in economics :
_cedited by Michael Szenberg.
504 _aIncludes bibliographies and index.
906 _a7
_bcbc
_corignew
_d1
_eocip
_f19
_gy-gencatlg
942 _2ddc
_cBK
999 _c41469
_d41469